[Event "AUTO-ELITE-1282"]
[Site "http://www.queenalice.com/game.php?id=1253428"]
[Date "2014.2.2"]
[Round "1"]
[White "BartolomeuDias"]
[Black "RenverKestak"]
[Result "1/2-1/2"]
[WhiteElo "2589"]
[BlackElo "2568"]

1. d4 Nf6 2. c4 e6 3. Nf3 b6 4. a3 Bb7 5. Nc3 d5 6. Bf4 Bd6 7. Bg3 O-O 8. e3 c5
9. dxc5 bxc5 10. cxd5 exd5 11. Be2 Bxg3 12. hxg3 Nbd7 13. O-O Rc8 14. Qd3 a5 15.
Rfd1 Qb6 16. Rd2 Rfe8 17. Qf5 c4 18. Nd4 Nc5 19. Bf3 Nd3 20. Rad1 Re5 21. Qh3
Rce8 22. Qh4 Ne4 23. Rc2 Nexf2 24. Na4 Qa7 25. Rxf2 Rxe3 26. Nc3 Nxf2 27. Kxf2
Qb6 28. Na4 Qc7 29. Qf4 R3e5 30. Kg1 Ba8 31. Kh2 Qe7 32. Nc3 Qc5 33. Bg4 Qb6 34.
Bd7 Rh5+ 1/2-1/2

[Event "sergiogvh-2"]
[Site "http://www.queenalice.com/game.php?id=1273025"]
[Date "2014.4.14"]
[Round "5"]
[White "puddschini"]
[Black "RenverKestak"]
[Result "0-1"]
[WhiteElo "2541"]
[BlackElo "2587"]

1. d4 Nf6 2. c4 e6 3. Nf3 Be7 4. Nc3 d5 5. Bg5 h6 6. Bh4 O-O 7. e3 b6 8. Rc1 Bb7
9. cxd5 Nxd5 10. Nxd5 Bxd5 11. Bxe7 Qxe7 12. Bc4 Bxf3 13. gxf3 Nd7 14. Qa4 c5
15. Bb5 Rfd8 16. Ke2 Nf6 0-1

[Event "AUTO-ELITE-1328"]
[Site "http://www.queenalice.com/game.php?id=1280779"]
[Date "2014.5.10"]
[Round "1"]
[White "kookaburra"]
[Black "RenverKestak"]
[Result "0-1"]
[WhiteElo "2239"]
[BlackElo "2594"]

1. d4 f5 2. Nc3 Nf6 3. Bg5 d5 4. Bxf6 exf6 5. e3 Be6 6. Bd3 Nc6 7. a3 Qd7 8. Nf3
O-O-O 9. O-O h5 10. b4 h4 11. Nd2 Kb8 12. Nb3 b6 13. Bb5 Bf7 14. Qd3 Qe6 15. Ne2
g5 16. Rfc1 h3 17. g3 Ne7 18. a4 c6 19. Ba6 Bg6 20. Nc5 bxc5 21. bxc5 Kc7 22.
Rab1 Kd7 23. Nc3 Ke8 24. Qd2 Kf7 25. Rb7 Rd7 26. Rcb1 Rxb7 27. Rxb7 f4 28. Rxa7
fxg3 29. fxg3 g4 30. Ne2 Bh6 31. Nf4 Bxf4 32. exf4 Rb8 33. Bd3 Bxd3 34. cxd3
Rb1+ 0-1

[Event "AUTO-ELITE-1328"]
[Site "http://www.queenalice.com/game.php?id=1280780"]
[Date "2014.5.10"]
[Round "1"]
[White "RenverKestak"]
[Black "kookaburra"]
[Result "1-0"]
[WhiteElo "2595"]
[BlackElo "2238"]

1. c4 e5 2. Nc3 Nf6 3. Nf3 Nc6 4. g3 d5 5. cxd5 Nxd5 6. Bg2 Nxc3 7. bxc3 Bd6 8.
O-O O-O 9. d4 Bg4 10. Rb1 Rb8 11. Qd3 Bxf3 12. Bxf3 Qf6 13. Rd1 Rfd8 14. Kg2 Bc5
15. e3 Bb6 16. d5 Ne7 17. c4 Bc5 18. Ba3 Bxa3 19. Qxa3 a6 20. c5 Nf5 21. Rb4 Qe7
22. Qa5 g6 23. Rdb1 b6 24. cxb6 cxb6 25. Rxb6 Rxb6 26. Rxb6 e4 27. Be2 Rc8 28.
Rc6 Rb8 29. Rxa6 Qb7 30. d6 Qb2 31. d7 Qxe2 32. d8=Q+ Rxd8 33. Qxd8+ Kg7 34.
Qf6+ Kh6 35. Qxf5 Qxa6 36. Qxf7 Qa8 37. h4 Qa6 38. g4 1-0

[Event "AUTO-ELITE-1328"]
[Site "http://www.queenalice.com/game.php?id=1280786"]
[Date "2014.5.10"]
[Round "1"]
[White "RenverKestak"]
[Black "sical"]
[Result "1-0"]
[WhiteElo "2593"]
[BlackElo "2454"]

1. c4 g6 2. Nf3 Bg7 3. d4 d6 4. Nc3 Nf6 5. e4 O-O 6. h3 c5 7. d5 e6 8. Bd3 e5 9.
O-O Ne8 10. Be3 f5 11. Bg5 Bf6 12. Bh6 Bg7 13. Bg5 Bf6 14. Bh6 Rf7 15. Be3 f4
16. Bd2 Nd7 17. a3 Bg7 18. Bc2 g5 19. Bd3 1-0

[Event "AUTO-ELITE-1268"]
[Site "http://www.queenalice.com/game.php?id=1296853"]
[Date "2014.7.24"]
[Round "2"]
[White "Alsina"]
[Black "RenverKestak"]
[Result "1/2-1/2"]
[WhiteElo "2537"]
[BlackElo "2598"]

1. e4 d5 2. exd5 Qxd5 3. Nc3 Qd8 4. d4 Nf6 5. Nf3 e6 6. Bd3 Be7 7. O-O O-O 8.
Bf4 Nc6 9. a3 a6 10. Qd2 b5 11. Rfe1 Rb8 12. Rad1 b4 13. axb4 Nxb4 14. Bc4 Nbd5
15. Bg5 Nxc3 16. bxc3 Bb7 17. Qd3 Nd5 18. Bd2 c5 19. Ne5 Bd6 20. Ra1 Qc7 21. h3
a5 22. Bb3 Nb6 1/2-1/2

[Event "AUTO-ELITE-1268"]
[Site "http://www.queenalice.com/game.php?id=1296854"]
[Date "2014.7.24"]
[Round "2"]
[White "RenverKestak"]
[Black "Alsina"]
[Result "1-0"]
[WhiteElo "2597"]
[BlackElo "2532"]

1. e4 e5 2. Nf3 Nc6 3. d4 exd4 4. Nxd4 Bc5 5. Be3 Qf6 6. c3 Nge7 7. Bc4 Ne5 8.
Be2 Qg6 9. O-O d6 10. f3 O-O 11. Nd2 d5 12. Kh1 dxe4 13. fxe4 Bg4 14. Bf4 Bxe2
15. Qxe2 Bd6 16. Bxe5 Bxe5 17. N2f3 Bxd4 18. cxd4 c6 19. Rae1 Rad8 20. a3 Nc8
21. Nh4 Qe6 22. Qd3 Nd6 23. e5 Nc4 24. Qc3 Rd7 25. Nf5 Rfd8 26. d5 cxd5 27. b3
Nxa3 28. Qc5 d4 29. Qxa3 d3 30. Qc5 d2 31. Rd1 Qxb3 32. Nd6 b6 33. Qf2 Qd5 34.
Qg3 h5 35. h4 Kh7 36. Nf5 g6 37. Nd6 f5 38. Qg5 Qxe5 39. Nf7 Rxf7 40. Qxd8 Qe2
41. Qxd2 Qxd2 42. Rxd2 Rc7 43. g3 Kh6 44. Rd6 Rf7 45. Kg2 Kg7 46. Rc1 Kh7 47.
Rcd1 1-0

[Event "AUTO-ELITE-1268"]
[Site "http://www.queenalice.com/game.php?id=1312774"]
[Date "2014.10.5"]
[Round "3"]
[White "RenverKestak"]
[Black "Dogeval"]
[Result "1-0"]
[WhiteElo "2625"]
[BlackElo "2608"]

1. e4 c5 2. Nf3 d6 3. d4 cxd4 4. Nxd4 Nf6 5. Nc3 a6 6. Bg5 e6 7. Qf3 h6 8. Be3
e5 9. Nb3 Be6 10. Nd5 Nbd7 11. c4 Be7 12. Bd3 O-O 13. O-O a5 14. h3 b6 15. Qe2
Re8 16. Bc2 Qc8 17. Rac1 Qb7 18. Nd2 Nc5 19. f4 exf4 20. Bxf4 Bxd5 21. cxd5 b5
22. Kh1 a4 23. Bb1 Rec8 24. Be3 Nfd7 25. Rf5 g6 26. Rf2 Bh4 27. Bxh6 Bxf2 28.
Qxf2 Re8 29. Rf1 Re7 30. Qh4 Re5 31. Qf4 f6 32. Qg4 Kh7 33. Bf4 Kg7 34. Nf3 Rh8
35. Nh4 Rxh4 36. Qxh4 Rh5 37. Qf2 Qc7 38. b4 axb3 39. axb3 b4 40. Bc2 Rh8 41.
Be3 Qd8 42. Bd2 Qb8 43. Qf4 Qb5 44. Kh2 Qb8 45. g4 Qf8 46. Bxb4 Qe7 47. Bc3 Ne5
48. b4 Ncd7 49. Bd1 Ra8 50. Bd4 g5 51. Qe3 Rb8 52. Qd2 Nf8 53. Be2 Nfg6 54. b5
Ra8 55. b6 Rh8 56. Rc1 Nf4 57. Rc7 Rxh3+ 58. Kg1 Nd7 59. Qc2 Rg3+ 60. Kf1 1-0

[Event "AUTO-ELITE-1268"]
[Site "http://www.queenalice.com/game.php?id=1312775"]
[Date "2014.10.5"]
[Round "3"]
[White "Dogeval"]
[Black "RenverKestak"]
[Result "1/2-1/2"]
[WhiteElo "2612"]
[BlackElo "2625"]

1. e4 e6 2. d4 d5 3. Nc3 Nf6 4. Bg5 Be7 5. e5 Nfd7 6. Bxe7 Qxe7 7. f4 O-O 8. Nf3
a6 9. Bd3 h6 10. O-O c5 11. Qe1 cxd4 12. Nxd4 Nc6 13. Qe3 Nxd4 14. Qxd4 Qc5 15.
Ne2 Qxd4+ 16. Nxd4 Nc5 17. Rae1 Bd7 18. g4 b5 19. Kf2 b4 20. f5 a5 21. Kg3 a4
22. Re3 Rfc8 23. h3 a3 24. b3 Rab8 25. Re2 Rc7 26. Rfe1 Re8 27. Re3 Re7 28. h4
Re8 29. Rf3 Rec8 30. Kf4 Rf8 31. Rg3 Kh8 32. Rg2 Rcc8 33. Rf2 Rce8 34. Ree2 Rb8
35. Ke3 Kg8 36. Re1 Rbc8 37. Rg1 exf5 38. gxf5 Rce8 39. Kf4 g6 40. Rfg2 Kh8 41.
Re1 gxf5 42. Bxf5 Re7 43. Bxd7 Rxd7 44. Kf5 Rc8 45. Rc1 Ne4 1/2-1/2

[Event "AUTO-ELITE-1328"]
[Site "http://www.queenalice.com/game.php?id=1330905"]
[Date "2014.12.26"]
[Round "2"]
[White "RenverKestak"]
[Black "Sexxy_Bunny"]
[Result "1/2-1/2"]
[WhiteElo "2623"]
[BlackElo "2682"]

1. c4 Nf6 2. d4 e6 3. Nf3 d5 4. Bg5 Be7 5. Nc3 O-O 6. cxd5 exd5 7. e3 Nbd7 8.
Bd3 c6 9. h3 Re8 10. Bf4 h6 11. O-O Nf8 12. Be5 Be6 13. Rc1 N8d7 14. Bh2 Rc8 15.
a3 a6 16. Qe2 c5 17. Bb1 b5 18. dxc5 Nxc5 19. Nd4 Bd6 20. Bxd6 Qxd6 21. Ba2 Qe5
22. Rc2 Nce4 23. Nxe4 Nxe4 24. Rfc1 Rxc2 25. Rxc2 Bd7 26. Qd1 Rd8 27. Nf3 Qb8
28. Qd4 Be6 29. Ne5 Rd6 30. Nd3 Qd8 31. Nf4 Qf6 32. Qxf6 Nxf6 33. Ne2 Nd7 34.
Rc8+ Nf8 35. Ra8 g6 36. Nd4 Kg7 37. Kf1 Nd7 38. Ra7 Bf5 39. Rc7 Bd3+ 40. Ke1 Ne5
41. b3 Kf6 42. f3 g5 43. g4 Bg6 44. Kd2 Nd7 45. a4 bxa4 46. bxa4 Nf8 47. Rc5 Ne6
48. Rxd5 Rxd5 49. Bxd5 Ke5 50. Bxe6 fxe6 51. a5 Kd5 52. Nc2 Kc4 53. Nd4 Kd5 54.
Kc3 Be8 55. Kd2 Bg6 1/2-1/2

[Event "AUTO-ELITE-1328"]
[Site "http://www.queenalice.com/game.php?id=1330906"]
[Date "2014.12.26"]
[Round "2"]
[White "Sexxy_Bunny"]
[Black "RenverKestak"]
[Result "1/2-1/2"]
[WhiteElo "2681"]
[BlackElo "2624"]

1. e4 e6 2. d4 d5 3. Nc3 Nf6 4. Bg5 dxe4 5. Nxe4 Nbd7 6. Nf3 Be7 7. Nxf6+ Bxf6
8. h4 c5 9. Qd2 cxd4 10. O-O-O O-O 11. Nxd4 h6 12. Nf3 Qb6 13. c3 e5 14. Be3 Qe6
15. Kb1 Be7 16. Bd3 Rd8 17. Be4 Kf8 18. Qe2 Qg4 19. Bc2 b6 20. Bg5 f6 21. Qe4
Qxe4 22. Bxe4 Rb8 23. Be3 Nc5 24. Rxd8+ Bxd8 25. Bg6 Ne6 26. h5 Be7 27. Rd1 Rb7
28. b4 Nc7 29. Be4 Rb8 30. Nh4 Bg4 31. Ng6+ Kf7 32. f3 Be6 33. Kb2 Ne8 34. Bd5
Bxd5 35. Rxd5 Rd8 36. Nxe7 Kxe7 37. Rxd8 Kxd8 38. c4 f5 39. a4 Nf6 40. Kb3 Nxh5
41. c5 bxc5 42. Bxc5 a6 43. Kc4 Kc7 44. Kd5 Nf4+ 45. Kxe5 Nxg2 46. Kxf5 Ne1 47.
Ke4 g6 48. Be3 h5 49. Bf2 Nc2 50. b5 axb5 51. axb5 Na3 52. Kf4 Nxb5 53. Kg5 Kd6
54. Kxg6 Ke6 55. Kxh5 Kf5 56. f4 Kxf4 57. Bc5 Nc3 1/2-1/2

[Event "Sidinei-2"]
[Site "http://www.queenalice.com/game.php?id=1388548"]
[Date "2015.10.10"]
[Round "1"]
[White "Sidinei"]
[Black "RenverKestak"]
[Result "1-0"]
[WhiteElo "2632"]
[BlackElo "2637"]

1. e4 c5 2. Nc3 Nc6 3. Nf3 e5 4. Bc4 Be7 5. d3 Nf6 6. Nd2 d6 7. Nf1 Bg4 8. f3
Be6 9. Ne3 O-O 10. O-O Nh5 11. Ncd5 a6 12. a4 Rc8 13. g3 Nf6 14. c3 Bh3 15. Rf2
Nxd5 16. Bxd5 Be6 17. f4 exf4 18. gxf4 Bh4 19. Rg2 Bh3 20. Rd2 Kh8 21. Qf3 Bd7
22. Rg2 Bf6 23. Kh1 Qc7 24. f5 Ne5 25. Qg3 b5 26. axb5 axb5 27. d4 cxd4 28. cxd4
Nd3 29. Ng4 Bxd4 30. Bg5 Nb4 31. Rd1 1-0

[Event "EUROAMERICA"]
[Site "http://www.queenalice.com/game.php?id=1399002"]
[Date "2015.12.15"]
[Round "4"]
[White "RenverKestak"]
[Black "fontaine"]
[Result "1-0"]
[WhiteElo "2629"]
[BlackElo "2643"]

1. e4 c6 2. d4 d5 3. Nc3 dxe4 4. Nxe4 Nd7 5. Bd3 Ngf6 6. Nxf6+ Nxf6 7. c3 Qd5 8.
Nf3 Bg4 9. Be2 e6 10. h3 Bh5 11. O-O Bd6 12. c4 Qa5 13. Bd2 Qc7 14. Nh4 Bxe2 15.
Qxe2 Bh2+ 16. Kh1 Bf4 17. Bb4 h5 18. Rad1 O-O-O 19. Nf3 h4 20. Bc3 Rh5 21. Rfe1
Rdh8 22. b4 Rf5 23. a4 Kb8 24. Kg1 Ka8 25. b5 Rc8 26. Bd2 Bxd2 27. Qxd2 Qf4 28.
Qb2 Nd7 29. bxc6 bxc6 30. Rb1 Rb8 31. Qc2 Rb6 32. c5 Rxb1 33. Rxb1 Rh5 34. Nxh4
Rh8 35. Nf3 Rb8 36. Re1 Rb4 37. a5 a6 38. Qc3 Rb5 39. Nd2 e5 40. dxe5 Rxc5 41.
Qd3 Nb8 42. Nf3 Rxa5 43. Qh7 g6 44. e6 fxe6 45. Qxg6 Qf5 46. Qxe6 Qxe6 47. Rxe6
c5 48. g4 c4 49. h4 c3 50. Ne1 Kb7 51. h5 Rg5 52. f3 Nc6 53. Kf2 a5 54. Re8 Rd5
55. h6 Rd2+ 56. Kg3 Rd7 57. g5 Ne7 58. Kg4 Kc7 59. f4 a4 60. Ra8 Kb6 61. Nc2 Kb7
62. Rxa4 Rd2 63. Re4 Ng6 64. f5 Rg2+ 65. Kh3 Rxg5 66. fxg6 Rxg6 67. h7 Rh6+ 68.
Rh4 1-0